Current Issues in Cardiology management strategies / (Record no. 1839)

MARC details
000 -LEADER
fixed length control field 00551nam a22001937a 4500
003 - CONTROL NUMBER IDENTIFIER
control field OSt
005 - DATE AND TIME OF LATEST TRANSACTION
control field 20150522143431.0
008 - FIXED-LENGTH DATA ELEMENTS--GENERAL INFORMATION
fixed length control field 150522b xxu||||| |||| 00| 0 eng d
020 ## - INTERNATIONAL STANDARD BOOK NUMBER
International Standard Book Number 0727910108
040 ## - CATALOGING SOURCE
Transcribing agency DNLM
082 ## - DEWEY DECIMAL CLASSIFICATION NUMBER
Classification number WG 200 C936 1998
245 ## - TITLE STATEMENT
Title Current Issues in Cardiology management strategies /
Statement of responsibility, etc. Edited By Jean R McEwan
260 ## - PUBLICATION, DISTRIBUTION, ETC. (IMPRINT)
Place of publication, distribution, etc. London:
Name of publisher, distributor, etc. BMJ Publishing Group ;
Date of publication, distribution, etc. 1998.
300 ## - PHYSICAL DESCRIPTION
Extent ix,
Other physical details ill;
Dimensions 27 cm.
504 ## - BIBLIOGRAPHY, ETC. NOTE
Bibliography, etc Includes index.
650 ## - SUBJECT ADDED ENTRY--TOPICAL TERM
Topical term or geographic name as entry element Cardiology
9 (RLIN) 3034
700 ## - ADDED ENTRY--PERSONAL NAME
Relator code Editor
Personal name McEwan Jean R.
9 (RLIN) 4835
942 ## - ADDED ENTRY ELEMENTS (KOHA)
Source of classification or shelving scheme Other/Generic Classification Scheme
Koha item type Short Loan
Holdings
Withdrawn status Lost status Source of classification or shelving scheme Damaged status Not for loan Home library Current library Date acquired Source of acquisition Inventory number Total Checkouts Full call number Barcode Date last seen Price effective from Koha item type
    Other/Generic Classification Scheme     MUST Main Library MUST Main Library 22/05/2015   2003/18192   WG 200 C936 1998 2015-1545 22/05/2015 22/05/2015 Short Loan
    Other/Generic Classification Scheme     MUST Main Library MUST Main Library 22/05/2015   2003/18193   WG 200 C936 1998 2015-1546 22/05/2015 22/05/2015 Short Loan
    Other/Generic Classification Scheme     MUST Main Library MUST Main Library 22/05/2015   2003/20569   WG 200 C936 1998 2015-1547 22/05/2015 22/05/2015 Short Loan